| 000 | 00837nam a2200253Ia 4500 | ||
|---|---|---|---|
| 003 | GCL | ||
| 008 | 140319s9999 xx 000 0 ara d | ||
| 020 | _a3487232977 | ||
| 040 |
_aGCL / _cGCL |
||
| 082 | 0 | 4 |
_a370.152 _bس ق |
| 100 | 1 | _aسعيد عبدالله لافى | |
| 245 | 1 | 0 |
_aالقراءة وتنمية التفكير / _cسعيد عبدالله لافى |
| 250 | _aالاولى | ||
| 260 |
_aالقاهرة : _bعالم الكتب ، _c2006 |
||
| 300 |
_a223 ص ؛ _c24 سم |
||
| 650 | 0 | 4 | _aالتفكير |
| 650 | 0 | 4 | _aاساسيات التعليم |
| 650 | 0 | 4 | _aالوسائل التعليمية |
| 650 | 0 | 4 | _aالقدرة العقلية |
| 650 | 0 | 4 | _aالتعليم - برامج |
| 650 | 0 | 4 | _aالتفكير - تنمية |
| 650 | 0 | 4 | _aالقراءة - الجوانب الفسيولوجية |
| 942 |
_2ddc _cBK |
||
| 999 |
_c9705 _d9705 |
||